<?xml version="1.0" encoding="UTF-8"?>
<record
    xmlns:xsi="http://www.w3.org/2001/XMLSchema-instance"
    xsi:schemaLocation="http://www.loc.gov/MARC21/slim http://www.loc.gov/standards/marcxml/schema/MARC21slim.xsd"
    xmlns="http://www.loc.gov/MARC21/slim">

  <leader>01316nam a22001697a 4500</leader>
  <controlfield tag="005">20260211085759.0</controlfield>
  <controlfield tag="008">240625b     mx |||||||| |||| 00| 0 spa d</controlfield>
  <datafield tag="020" ind1=" " ind2=" ">
    <subfield code="a">9786075415857</subfield>
  </datafield>
  <datafield tag="050" ind1="0" ind2="4">
    <subfield code="b">KGF5682</subfield>
    <subfield code="a">A28 2025</subfield>
  </datafield>
  <datafield tag="240" ind1="0" ind2="0">
    <subfield code="a">Leyes y c&#xF3;digos</subfield>
  </datafield>
  <datafield tag="245" ind1="0" ind2="0">
    <subfield code="a">Agenda de seguridad p&#xFA;blica, C&#xF3;digo nacional de procedimientos penales, Ley de la comisi&#xF3;n nacional de los derechos humanos, Ley federal de armas de fuego y explosivos, Ley general de v&#xED;ctimas, Ley general del sistema nacional de seguridad p&#xFA;blica, Ley de la guardia nacional, ley nacional de ejecuci&#xF3;n penal, Ley nacional de mecanismos alternativos de soluci&#xF3;n de controversias en materia penal, Ley nacional del registro de detenciones, Ley nacional del sistema integral de justicia penal para adolescentes, Ley nacional sobre el uso de la fuerza, Ley federal de seguridad privada, Protocolo nacional de actuaci&#xF3;n, traslado, protocolo nacional de polic&#xED;a con capacidades para procesar, Gu&#xED;a nacional de cadena de custodia, Protocolo nacional de primer respondiente, Protocolo nacional de seguridad en salas</subfield>
  </datafield>
  <datafield tag="250" ind1=" " ind2=" ">
    <subfield code="a">1a ed.</subfield>
  </datafield>
  <datafield tag="260" ind1=" " ind2=" ">
    <subfield code="a">M&#xE9;xico :</subfield>
    <subfield code="b">Ediciones Fiscales  Instituto Superior de Estudios Fiscales,</subfield>
    <subfield code="c">2025</subfield>
  </datafield>
  <datafield tag="300" ind1=" " ind2=" ">
    <subfield code="a">p.v. ;</subfield>
    <subfield code="c">19 cm.</subfield>
  </datafield>
  <datafield tag="651" ind1=" " ind2="7">
    <subfield code="2">lemb</subfield>
    <subfield code="a">M&#xE9;xico</subfield>
    <subfield code="x">Seguridad p&#xFA;blica</subfield>
    <subfield code="x">Leyes y legislaci&#xF3;n</subfield>
  </datafield>
  <datafield tag="942" ind1=" " ind2=" ">
    <subfield code="2">lcc</subfield>
    <subfield code="c">LIB</subfield>
  </datafield>
  <datafield tag="999" ind1=" " ind2=" ">
    <subfield code="c">130571</subfield>
    <subfield code="d">130571</subfield>
  </datafield>
  <datafield tag="952" ind1=" " ind2=" ">
    <subfield code="1">0</subfield>
    <subfield code="2">lcc</subfield>
    <subfield code="4">0</subfield>
    <subfield code="7">0</subfield>
    <subfield code="a">UCIH</subfield>
    <subfield code="b">UCIH</subfield>
    <subfield code="c">SPCF</subfield>
    <subfield code="d">2026-02-11</subfield>
    <subfield code="e">DGB-GENERADO</subfield>
    <subfield code="f">1a ed.</subfield>
    <subfield code="k">CSA</subfield>
    <subfield code="l">0</subfield>
    <subfield code="o">KGF5682 A28  2025</subfield>
    <subfield code="p">BCU000025301</subfield>
    <subfield code="r">2026-02-11 08:54:00</subfield>
    <subfield code="t">1</subfield>
    <subfield code="v">418.50</subfield>
    <subfield code="y">LIB</subfield>
    <subfield code="z">Seguridad P&#xFA;blica y Ciencias Forenses</subfield>
  </datafield>
  <datafield tag="952" ind1=" " ind2=" ">
    <subfield code="1">0</subfield>
    <subfield code="2">lcc</subfield>
    <subfield code="4">0</subfield>
    <subfield code="7">0</subfield>
    <subfield code="a">UCIH</subfield>
    <subfield code="b">UCIH</subfield>
    <subfield code="c">SPCF</subfield>
    <subfield code="d">2026-02-11</subfield>
    <subfield code="e">DGB-GENERADO</subfield>
    <subfield code="f">1a ed.</subfield>
    <subfield code="k">CSA</subfield>
    <subfield code="l">0</subfield>
    <subfield code="o">KGF5682 A28 2025</subfield>
    <subfield code="p">BCU000025302</subfield>
    <subfield code="r">2026-02-11 08:54:00</subfield>
    <subfield code="t">2</subfield>
    <subfield code="v">418.50</subfield>
    <subfield code="y">LIB</subfield>
    <subfield code="z">Seguridad P&#xFA;blica y Ciencias Forenses</subfield>
  </datafield>
</record>
